Development policy (Record no. 528817)

MARC details
000 -LEADER
fixed length control field 00839nam a2200253Ia 4500
003 - CONTROL NUMBER IDENTIFIER
control field OSt
005 - DATE AND TIME OF LATEST TRANSACTION
control field 20220925194242.0
008 - FIXED-LENGTH DATA ELEMENTS--GENERAL INFORMATION
fixed length control field 220923b |||||||| |||| 00| 0 eng d
037 ## - SOURCE OF ACQUISITION
Terms of availability General Book
040 ## - CATALOGING SOURCE
Original cataloging agency RTL
Transcribing agency RTL
Language of cataloging eng
041 ## - LANGUAGE CODE
Source of code eng
Language code of text/sound track or separate title eng
100 ## - MAIN ENTRY--PERSONAL NAME
Personal name Falcon Walter P
245 #0 - TITLE STATEMENT
Title Development policy
Remainder of title The Pakistan experience
260 ## - PUBLICATION, DISTRIBUTION, ETC.
Place of publication, distribution, etc. Cambridge
Name of publisher, distributor, etc. Harvard University Press
Date of publication, distribution, etc. 1971
300 ## - PHYSICAL DESCRIPTION
Extent xii,267p.
Dimensions cm.
490 ## - SERIES STATEMENT
Series statement Harvard University, Center for International Affairs, Development Policy Series; 2
650 ## - SUBJECT ADDED ENTRY--TOPICAL TERM
Topical term or geographic name entry element Freedom Struggle Pakistan
9 (RLIN) 238078
700 ## - ADDED ENTRY--PERSONAL NAME
Personal name Papanek Gustav F Ed.
9 (RLIN) 129847
942 ## - ADDED ENTRY ELEMENTS (KOHA)
Classification part V:77.44Q7.N7, L1
Koha item type General Books
Source of classification or shelving scheme Colon Classification (CC)

No items available.

Copyright @ Delhi University Library System